Tous les drapeaux IMPOSSIBLE LEVEL - Statistiques

Statistiques générales
  • Ce quiz a été pris 785 fois
  • Le résultat moyen est 102 sur 411
Statistiques - réponses
Par images Réponse % Correct
Saint Lucie
81%
Maldives
77%
Tanzanie
69%
Uruguay
69%
Mayotte
68%
Italie
66%
Suriname
65%
Benin
64%
Brunei
63%
Erythrée
62%
France
61%
Ghana
61%
Finlande
59%
LGBT
59%
Suede
59%
Norvege
58%
Japon
57%
Seychelles
57%
Cambodge
55%
Corée du sud
55%
Belgique
54%
Hongrie
54%
Liban
54%
Paraguay
53%
Republique Tcheque
53%
Bresil
52%
Algerie
51%
Cote d'ivoire
51%
Equateur
51%
Madagascar
51%
Micronesie
51%
Nouvelle Zelande
51%
Inde
50%
Lettonie
50%
Canada
49%
Espagne
49%
Qatar
49%
Cuba
48%
Iran
48%
Malawi
48%
Portugal
48%
Turkmenistan
48%
Egypte
47%
Gambie
47%
Guyana
47%
Luxembourg
47%
Mongolie
47%
Somalie
47%
Taiwan
47%
Afrique du sud
46%
Bielorussie
46%
Chine
46%
Etats-Unis
46%
Malaisie
46%
Roumanie
46%
Vietnam
46%
Djibouti
45%
Jamaique
45%
Turquie
45%
Vatican
45%
Chili
44%
Irak
44%
Islande
44%
Macedoine
44%
Maroc
44%
Monaco
44%
Suisse
44%
Albanie
43%
Angola
43%
Argentine
43%
Birmanie
43%
Croatie
43%
Grece
43%
Irlande
43%
Israel
43%
Mexique
43%
Panama
43%
Russie
43%
Slovenie
43%
Ukraine
43%
Vanuatu
43%
Allemagne
42%
Arabie Saoudite
42%
Barbade
42%
Bulgarie
42%
Chypre
42%
Danemark
42%
Gabon
42%
Georgie
42%
Moldavie
42%
Nepal
42%
Nigeria
42%
Pays Bas
42%
Republique Democratique du Congo
42%
Serbie
42%
Tunisie
42%
Armenie
41%
Bangladesh
41%
Bosnie Herzegovine
41%
Colombie
41%
Corée du nord
41%
Mozambique
41%
Pakistan
41%
Papouasie Nouvelle Guinee
41%
Pays de Galles
41%
Perou
41%
Pologne
41%
Saint Marin
41%
Sri Lanka
41%
Afghanistan
40%
Andorre
40%
Autriche
40%
Burkina Faso
40%
Corse
40%
Estonie
40%
Hong Kong
40%
Kazakhstan
40%
Kenya
40%
Kosovo
40%
Malte
40%
Montenegro
40%
Republique Centrafricaine
40%
Salvador
40%
Sao Tome et Principe
40%
Venezuela
40%
Azerbaidjan
39%
Cameroun
39%
Jordanie
39%
Laos
39%
Liechtenstein
39%
Senegal
39%
Singapour
39%
Slovaquie
39%
Syrie
39%
Thailande
39%
Tuvalu
39%
Bahrein
38%
Bhoutan
38%
Cap Vert
38%
Costa Rica
38%
Ecosse
38%
Ethiopie
38%
Honduras
38%
Indonesie
38%
Mali
38%
Mauritanie
38%
Oman
38%
Antigua et Barbuda
37%
Bretagne
37%
Burundi
37%
Eswatini
37%
Fidji
37%
Libye
37%
Lituanie
37%
Ouganda
37%
Republique Dominicaine
37%
Yemen
37%
Haiti
36%
Niger
36%
Ouzbekistan
36%
Palaos
36%
Philippines
36%
Tchad
36%
Tonga
36%
Angleterre
35%
Comores
35%
Guatemala
35%
Guinee
35%
Ile Maurice
35%
Kiribati
35%
Lesotho
35%
Liberia
35%
Saint Vincent et les Grenadines
35%
Soudan du sud
35%
Bahamas
34%
Guam
34%
Guinée Equatoriale
34%
Koweit
34%
Nicaragua
34%
Palestine
34%
Republique du Congo
34%
Sierra Leone
34%
Togo
34%
Zambie
34%
Botswana
33%
Rwanda
33%
Zimbabwe
33%
Belize
32%
Bolivie
32%
Dominique
32%
Guinée Bissau
32%
Kirghizistan
32%
Namibie
32%
Samoa
32%
Tadjikistan
32%
Trinite et Tobago
32%
Grenade
31%
Nauru
31%
Soudan
31%
Afghanistan
29%
Gibraltar
29%
Groenland
29%
Iles Cook
29%
Jersey
27%
Quebec
27%
Saint Christophe et Nieves
27%
Salomon
27%
Ile de Man
25%
Iles Feroe
25%
Irlande du Nord
23%
Porto Rico
23%
Royaume Unis
23%
Californie
22%
Guadeloupe
21%
Guernesey
21%
Ile Cocos
21%
Nouvelle Caledonie
21%
Shanghai
21%
Catalogne
20%
Guyane
20%
Curaçao
19%
Frioul
19%
Macao
19%
Timor Leste
19%
Whangamomona
19%
Pays Basque
18%
Polynésie française
18%
Emirat Arabe Unis
17%
Saint-Eustache
17%
Texas
17%
Anguilla
16%
Aruba
16%
Ile Norfolk
16%
Niue
16%
Washington
16%
Bermudes
15%
Bonaire
15%
Conch
15%
Normandie
15%
Samoa Americaines
15%
Chypre du nord
14%
Ile Christmas
14%
Montserrat
14%
Saint Martin
14%
Tibet
14%
Wallis et Futuna
14%
Iles Turques-et-Caïques
13%
Saint Pierre et Miquelon
13%
Iles Malouines
12%
Iles Marshalls
12%
Iles Vierges britanniques
12%
Tokelau
12%
Abkhazie
11%
Alaska
11%
Colorado
11%
Haut-Karabagh
11%
Languedoc
11%
Ossetie du sud
11%
Saba
11%
Sealand
11%
Transnistrie
11%
Ile de france
10%
Iles Caïmans
10%
Iles Mariannes
10%
Kurdistan
10%
Neue Slowenische Kunst
10%
Ohio
10%
Sainte Hélène
10%
Ascension
9%
Dakota du Sud
9%
Hawaï
9%
Moroc Songhrati Meads
9%
Schwarzenberg
9%
Iles Pitcairn
8%
Martinique
8%
Somaliland
8%
Wyoming
8%
Alabama
7%
Arizona
7%
Arkansas
7%
Bearn
7%
Maryland
7%
Reunion
7%
Saint-Barthélemy
7%
Tristan da Cunha
7%
Floride
6%
Louisiane
6%
Nebraska
6%
Nouveau Mexique
6%
Oregon
6%
Saint Martin
6%
Savoie
6%
Tennessee
6%
Vermont
6%
Wendland
6%
Alsace
5%
Auvergne
5%
Delaware
5%
Indiana
5%
Iowa
5%
Kansas
5%
Massachusetts
5%
Michigan
5%
New York
5%
Oklahoma
5%
Rhode Island
5%
Tchétchénie
5%
Wisconsin
5%
Caroline du sud
4%
Connecticut
4%
Georgie
4%
Guyane indépendante
4%
Iles Vierges des USA
4%
Illinois
4%
Kentucky
4%
Maine
4%
Minnesota
4%
Mississippi
4%
Missouri
4%
Montana
4%
Nevada
4%
New Jersey
4%
Picardie
4%
Virginie
4%
Caroline du Nord
3%
Dakota du nord
3%
Idaho
3%
New Hampshire
3%
Pennsylvanie
3%
République populaire de Lougansk
3%
Utah
3%
Virginie Occidentale
3%
Waveland
3%
Anjou
2%
Australie Aborigène
2%
Australie Méridionale
2%
Gagaouzie
2%
Ile de la rose
2%
Kingdom of Humanity
2%
Madère
2%
Parva Domus
2%
République arabe sahraouie démocratique
2%
République populaire de Donetsk
2%
Royaume de l'Autre Monde
2%
Saint-Malo
2%
Soudan du nord
2%
Wirtland
2%
Angyalistan
1%
Araucanie et Patagonie
1%
Arbezie
1%
Artois
1%
Beremagne
1%
Cabinda
1%
Caucase
1%
Celestia
1%
Christiania
1%
Elgaland-Vargaland
1%
Elleore
1%
Empire Aericain
1%
Enclava
1%
Forvik
1%
Frestonia
1%
Frioul
1%
Guyane indépendante
1%
Icarie
1%
Ile d'or
1%
Iles de Rafraîchissement
1%
Jämtland
1%
Ladonia
1%
Liberland
1%
Lundy
1%
Maastricht
1%
Misiones
1%
Montmartre
1%
Ongal
1%
Redonda
1%
République glaciaire
1%
Sedangs
1%
Tihama
1%
Trinidad
1%
Vikesland
1%
Akhzivland
0%
Angoumois
0%
Anse Saint-Jean
0%
Atlantium
0%
Aunis
0%
Austenasia
0%
Chesnaie
0%
Dominion de Floride occidentale britannique
0%
EnenKio
0%
Estella-Lizarra
0%
Flandrensis
0%
Formosa
0%
Freedomland et Koneuwe
0%
Jaïlavera
0%
Lagao
0%
Lakota
0%
Minerva
0%
Murrawarri
0%
Outer Baldonia
0%
Pakhtunistan
0%
Perlojos
0%
Ruterberg
0%
Saint Andre
0%
Saugeais
0%
Seborga
0%
Talossa
0%
Uzupis
0%
Valaquie
0%
Vemarana
0%
Westarctica
0%
Aucun quiz correspondant
Distribution des résultats
% des personnes avec chaque résultat
Percentile par nombre de réponses
Votre historique - résultats
Vous n’avez pas pris ce quiz